000
00258nam a2200097Ia 4500
001
691161
005
20250826161830.0
008
250824s9999 xx 000 0 und d
245
0
_a
SEN YOLA ÇIK YOL SANA GÖRÜNÜR
_c
HAKAN MENGÜÇ
260
_b
DESTEK YAYINLARI
999
_c
691161
_d
691161